Statistics for A Game of Thrones Locations

Click here to take the quiz!

General Stats

  • This quiz has been taken 2,209 times
    (2,206 since last reset)
  • The average score is 14 of 37

Answer Stats

HintAnswer% Correct
Free CityBraavos
82%
WesterosNorth
73%
WesterosDorne
70%
Free CityPentos
69%
City of Slaver's BayMeereen
68%
City of Slaver's BayAstapor
66%
Home of the WarlocksQarth
64%
City of Slaver's BayYunkai
63%
WesterosVale
61%
WesterosReach
60%
WesterosRiverlands
60%
WesterosIron Islands
58%
WesterosStormlands
57%
WesterosWesterlands
55%
Free CityVolantis
54%
Free CityLys
53%
Free CityMyr
51%
WesterosCrownlands
50%
Smoking SeaOld Valyria
38%
Free CityTyrosh
30%
WesterosBeyond the Wall
29%
East of the Bone MounatinsAsshai
27%
Archipelago south of Essos and WesterosSummer Islands
25%
Free CityNorvos
24%
Free CityQohor
24%
Bridge between Westeros and EssosStepstones
22%
East of the Free CitiesDothraki Sea
21%
Free CityLorath
20%
East of the Bone MounatinsYi Ti
13%
Ancient Homelands of the AndalsAndalos
11%
Shivering SeaIbben
8%
WesterosLand of Always Winter
5%
East of the Bone MounatinsShadow Lands
4%
North of Slaver's BayLhazar
3%
Shivering SeaSarnor
1%
Shivering SeaIfeqevron
0%
Shivering SeaOmber
0%

Score Distribution

Percentile by Number Answered

Percent of People with Each Score

Your Score History

You have not taken this quiz since the last reset